000 01632cam a22004454i 4500
003 PE-LiUPU
005 20250731173307.0
008 150616s r 000 0 d
035 _a(Sirsi) a3670
040 _aPE-LiUPU
_bspa
_cPE-LiUPU
_erda
049 _aPRUA
082 0 4 _a280
_bH67
_221
100 1 _aHoekema, Anthony A.,
_eautor.
245 1 4 _aThe four mayor cults: Christian Science, Jehovah's Witnesses, Mormonism, Seventh-day Adventism.
264 1 _aMichigan :
_bWilliam B. Eerdmans Publishing Company,
_c1965.
300 _a447 páginas :
_bIncluye bibliografía ;
_c23 cm.
336 _atext
_2rdacontent
337 _aunmediated
_2rdamedia
338 _avolume
_2rdacarrier
505 0 _aThe challenge of the cults -- Mormonism -- Seventh-day Adventism -- Christian Science -- Jehovah's Witnesses -- The distinctive traits of the cult -- Approaching the cultist.
526 _aSEG42
526 _aSEG41
526 _aSEG40
526 _aSEG39
526 _aP94
526 _aP87
526 _aP86
526 _aP85
526 _aP77
526 _aP76
526 _aP35
650 0 4 _aRELIGIONES COMPARADAS.
910 _ajck
_bjvq
_cjck
942 _2ddc
_cBOOK
949 _a280 H67
_wDEWEY
_c1
_i07144
_lCCODEBUL1
_mBUL
_p00.00
_r0
_sY
_tBOOK
_u2015-04-23
_xTEOLOGIA
_zUNKNOWN
_0COMPRA
_o.STAFF. Colección General
994 _aC0
_bPEPRU
596 _a1
999 _a280 H67
_wDEWEY
_c44801
_i07144
_f2021-11-11
_g5
_lCCODEBUL1
_mBUL
_r0
_sY
_tBOOK
_u2015-4-23
_xTEOLOGIA
_zUNKNOWN
_0COMPRA
_o.STAFF. Colección General
_d44801
980 _81
_gALBERTO SANCHEZ Responsable de Automatización